000 00545nam a2200157 a 4500
001 000036320
005 20200930075651.0
008 120113s1983 xxu 000 0 spa d
040 _aDO-SdBNP
_bspa
_cBNPHU
082 _axxxx
_bH236
245 0 0 _aThe handbook of clinical psychology :
_btheory, research, and practique /
_cedited by C. Eugene Walker.
260 _aHomewood, :
_bDorsey Professional Series,
_c1983.
300 _a2 v. ;
_c23 cm.
500 _aIncluye referencias bibliográficas e índice
700 1 2 _aWalker, C. Eugene,
_eed.
_962477
999 _c35811
_d35811